Estadísticas para Capitales Provinciales de Chile

Haz click aquí para tomar la prueba!

Estadísticas generales

  • Esta prueba ha sido tomada 8 veces
  • La puntuación promedio es 30 de 56

Estadísticas de respuestas

RegiónProvinciaCapital% Correcto
Región de Arica y ParinacotaAricaArica
100%
Región de TarapacáIquiqueIquique
86%
Región de O'HigginsCachapoalRancagua
86%
Región MetropolitanaSantiagoSantiago
86%
Región de ValparaísoValparaísoValparaiso
86%
Región de AntofagastaAntofagastaAntofagasta
71%
Región del BiobíoConcepciónConcepcion
71%
Región de AtacamaCopiapóCopiapó
71%
Región de CoquimboElquiCoquimbo
71%
Región de ValparaísoIsla de PascuaHanga Roa
71%
Región de Los LagosLlanquihuePuerto Montt
71%
Región de MagallanesMagallanesPunta Arenas
71%
Región de ValparaísoQuillotaQuillota
71%
Región de ValparaísoSan AntonioSan Antonio
71%
Región del MauleTalcaTalca
71%
Región de AntofagastaTocopillaTocopilla
71%
Región de Los RíosValdiviaValdivia
71%
Región de AntofagastaEl LoaCalama
57%
Región de Los LagosChiloéCastro
57%
Región del MauleCauquenesCauquenes
57%
Región de AysénCoyhaiqueCoyhaique
57%
Región del MauleCuricóCurico
57%
Región del MauleLinaresLinares
57%
Región de ValparaísoLos AndesLos Andes
57%
Región del BiobíoBiobíoLos Angeles
57%
Región MetropolitanaMelipillaMelipilla
57%
Región de Los LagosOsornoOsorno
57%
Región de CoquimboLimaríOvalle
57%
Región de MagallanesTierra del FuegoPorvenir
57%
Región de Arica y ParinacotaParinacotaPutre
57%
Región de ValparaísoSan Felipe de AconcaguaSan Felipe
57%
Región MetropolitanaTalaganteTalagante
57%
Región de La AraucaníaCautínTemuco
57%
Región de AtacamaHuascoVallenar
57%
Región de ÑubleDiguillínBulnes
43%
Región de AtacamaChañaralChañaral
43%
Región MetropolitanaChacabucoColina
43%
Región de ValparaísoPetorcaLa Ligua
43%
Región del BiobíoAraucoLebu
43%
Región MetropolitanaCordilleraPuente Alto
43%
Región de AysénAysénPuerto Aysen
43%
Región de MagallanesÚltima EsperanzaPuerto Natales
43%
Región de ValparaísoMarga MargaQuilpue
43%
Región MetropolitanaMaipoSan Bernardo
43%
Región de La AraucaníaMallecoAngol
29%
Región de Los LagosPalenaChaiten
29%
Región de AysénGeneral CarreraChile Chico
29%
Región de AysénCapitán PratCochrane
29%
Región de CoquimboChoapaIllapel
29%
Región de Los RíosRancoLa Union
29%
Región de O'HigginsCardenal CaroPichilemu
29%
Región de TarapacáTamarugalPozo Almonte
29%
Región de MagallanesAntártica ChilenaPuerto Williams
29%
Región de ÑubleItataQuirihue
29%
Región de O'HigginsColchaguaSan Fernando
29%
Región de ÑublePunillaSan Carlos
14%

Distribución de puntuación

Porcentaje por número respondido

Porcentaje de gente con cada puntuación

Historial de tus puntuaciones

No has tomado esta prueba